<?xml version="1.0" encoding="UTF-8"?><?xml-stylesheet type="text/xsl" href="static/style.xsl"?><OAI-PMH xmlns="http://www.openarchives.org/OAI/2.0/" xmlns:xsi="http://www.w3.org/2001/XMLSchema-instance" xsi:schemaLocation="http://www.openarchives.org/OAI/2.0/ http://www.openarchives.org/OAI/2.0/OAI-PMH.xsd"><responseDate>2026-04-18T06:13:24Z</responseDate><request verb="GetRecord" identifier="oai:www.recercat.cat:10256/26550" metadataPrefix="marc">https://recercat.cat/oai/request</request><GetRecord><record><header><identifier>oai:recercat.cat:10256/26550</identifier><datestamp>2025-03-12T09:29:52Z</datestamp><setSpec>com_2072_452955</setSpec><setSpec>com_2072_2054</setSpec><setSpec>col_2072_452960</setSpec><setSpec>col_2072_453079</setSpec></header><metadata><record xmlns="http://www.loc.gov/MARC21/slim" xmlns:dcterms="http://purl.org/dc/terms/" xmlns:xsi="http://www.w3.org/2001/XMLSchema-instance" xmlns:doc="http://www.lyncode.com/xoai" xsi:schemaLocation="http://www.loc.gov/MARC21/slim http://www.loc.gov/standards/marcxml/schema/MARC21slim.xsd">
   <leader>00925njm 22002777a 4500</leader>
   <datafield ind2=" " ind1=" " tag="042">
      <subfield code="a">dc</subfield>
   </datafield>
   <datafield ind2=" " ind1=" " tag="720">
      <subfield code="a">Peracaula Domínguez, Míriam</subfield>
      <subfield code="e">author</subfield>
   </datafield>
   <datafield ind2=" " ind1=" " tag="720">
      <subfield code="a">Sebastián, Laura</subfield>
      <subfield code="e">author</subfield>
   </datafield>
   <datafield ind2=" " ind1=" " tag="720">
      <subfield code="a">Francisco Albesa, Iria</subfield>
      <subfield code="e">author</subfield>
   </datafield>
   <datafield ind2=" " ind1=" " tag="720">
      <subfield code="a">Bonnin Vilaplana, Marc</subfield>
      <subfield code="e">author</subfield>
   </datafield>
   <datafield ind2=" " ind1=" " tag="720">
      <subfield code="a">Rodriguez Chiaradía, Diego A.</subfield>
      <subfield code="e">author</subfield>
   </datafield>
   <datafield ind2=" " ind1=" " tag="720">
      <subfield code="a">Tura-Ceide, Olga</subfield>
      <subfield code="e">author</subfield>
   </datafield>
   <datafield ind2=" " ind1=" " tag="260">
      <subfield code="c">2024-08-23</subfield>
   </datafield>
   <datafield ind2=" " ind1=" " tag="520">
      <subfield code="a">Pulmonary Embolism (PE) is a life-threatening condition initiated by the presence of blood clots in the pulmonary arteries, leading to severe morbidity and mortality. Underlying mechanisms involve endothelial dysfunction, including impaired blood flow regulation, a pro-thrombotic state, inflammation, heightened oxidative stress, and altered vascular remodeling. These mechanisms contribute to vascular diseases stemming from PE, such as recurrent thromboembolism, chronic thromboembolic pulmonary hypertension, post-thrombotic syndrome, right heart failure, and cardiogenic shock. Detailing key risk factors and utilizing hemodynamic stability-based categorization, the review aims for precise risk stratification by applying established diagnostic tools and scoring systems. This article explores both conventional and emerging biomarkers as potential diagnostic tools. Additionally, by synthesizing existing knowledge, it provides a comprehensive outlook of the current enhanced PE management and preventive strategies. The conclusion underscores the need for future research to improve diagnostic accuracy and therapeutic effectiveness in PE</subfield>
   </datafield>
   <datafield ind2=" " ind1=" " tag="520">
      <subfield code="a">This study has been funded by Institute of Health Carlos III through the Miguel Servet type grants CP17/00114, CPII22/00006 (Co-funded by European Social Fund &amp;quot; Investing in your future), The Spanish Society of Respiratory Medicine (SEPAR2019), Catalan Society of Pneumology (SOCAP2019), and from the Institute of Health Carlos III (PI21/01212, PI22/00133), and Spanish Society of Cardiology (SEC/FEC-INV-BAS 23/06). M. Peracaula was a recipient of Institute of Health Carlos III grant (FI22/00133). Cofunding was provided by the Fondo Europeo de Desarrollo Regional (FEDER); “Una manera de hacer Europa”</subfield>
   </datafield>
   <datafield ind1="8" ind2=" " tag="024">
      <subfield code="a">http://hdl.handle.net/10256/26550</subfield>
   </datafield>
   <datafield tag="653" ind2=" " ind1=" ">
      <subfield code="a">Embòlia pulmonar</subfield>
   </datafield>
   <datafield tag="653" ind2=" " ind1=" ">
      <subfield code="a">Pulmonary embolism</subfield>
   </datafield>
   <datafield tag="653" ind2=" " ind1=" ">
      <subfield code="a">Sistema cardiovascular -- Malalties</subfield>
   </datafield>
   <datafield tag="653" ind2=" " ind1=" ">
      <subfield code="a">Cardiovascular system -- Diseases</subfield>
   </datafield>
   <datafield tag="653" ind2=" " ind1=" ">
      <subfield code="a">Teràpia trombolítica</subfield>
   </datafield>
   <datafield tag="653" ind2=" " ind1=" ">
      <subfield code="a">Thrombolytic therapy</subfield>
   </datafield>
   <datafield ind2="0" ind1="0" tag="245">
      <subfield code="a">Decoding Pulmonary Embolism: Pathophysiology, Diagnosis, and Treatment</subfield>
   </datafield>
   <datafield ind2="0" ind1="0" tag="245">
      <subfield code="a">peer-reviewed</subfield>
   </datafield>
</record></metadata></record></GetRecord></OAI-PMH>